Outlines of journalism (Record no. 2580)

000 -LEADER
fixed length control field 00398nam a22001337a 4500
020 ## - INTERNATIONAL STANDARD BOOK NUMBER
International Standard Book Number 9789351540618
082 ## - DEWEY DECIMAL CLASSIFICATION NUMBER
Classification number 070.4
100 ## - MAIN ENTRY--PERSONAL NAME
Personal name Sanoj Singh
245 ## - TITLE STATEMENT
Title Outlines of journalism
260 ## - PUBLICATION, DISTRIBUTION, ETC.
Place of publication, distribution, etc. New Delhi
Name of publisher, distributor, etc. Venus books
Date of publication, distribution, etc. 2015
300 ## - PHYSICAL DESCRIPTION
Extent 300p
942 ## - ADDED ENTRY ELEMENTS (KOHA)
Koha item type Book
Holdings
Withdrawn status Lost status Source of classification or shelving scheme Damaged status Not for loan Permanent Location Current Location Shelving location Date acquired Total Checkouts Full call number Barcode Date last seen Price effective from Koha item type
          Central Library (CL) Central Library (CL) First Floor - Journalism 02/25/2016   302.23 SIN S3H-S-710 02/25/2016 02/25/2016 Book
© 2023 Central Library, National University of Sciences and Technology. All Rights Reserved.